| 000 | 00405nam a22001457a 4500 | ||
|---|---|---|---|
| 005 | 20260306044222.0 | ||
| 008 | 240729b |||||||| |||| 00| 0 eng d | ||
| 020 | _a9789356968554 | ||
| 082 |
_29th _a618.2 KON |
||
| 100 | _aKonar, Hiralal | ||
| 245 | _aDC Dutta's Textbook of Gynecology | ||
| 260 |
_aNew Delhi _bJaypee Brothers Medical Publishers _c2024 |
||
| 300 |
_a660p. _c21cm |
||
| 942 |
_2ddc _e9th _cMAIN |
||
| 999 |
_c9921 _d9922 |
||